PRACTICAL ARITHMETIC:PART 2 FRACTIONS (Record no. 6216)
[ view plain ]
| 000 -LEADER | |
|---|---|
| fixed length control field | 00287nam a22000977a 4500 |
| 005 - DATE AND TIME OF LATEST TRANSACTION | |
| control field | 20250901165600.0 |
| 008 - FIXED-LENGTH DATA ELEMENTS--GENERAL INFORMATION | |
| fixed length control field | 231031b |||||||| |||| 00| 0 eng d |
| 050 ## - LIBRARY OF CONGRESS CALL NUMBER | |
| Classification number | QA107.S6 1964 |
| 245 ## - TITLE STATEMENT | |
| Title | PRACTICAL ARITHMETIC:PART 2 FRACTIONS |
| Statement of responsibility, etc. | Spangler W.M. |
| 942 ## - ADDED ENTRY ELEMENTS (KOHA) | |
| Source of classification or shelving scheme | Library of Congress Classification |
| Classification part | QA107.S6 1964 |
| Withdrawn status | Lost status | Source of classification or shelving scheme | Damaged status | Not for loan | Home library | Current library | Shelving location | Date acquired | Total checkouts | Full call number | Barcode | Date last seen | Price effective from | Koha item type |
|---|---|---|---|---|---|---|---|---|---|---|---|---|---|---|
| Library of Congress Classification | Main Library | Main Library | 10/31/2023 | QA107.S6 1964 | PIU0003976 | 10/31/2023 | 10/31/2023 | Books |